000
00292 a2200109 4500
001
ART_17514
005
20260410161750.0
008
260409a
245
1
0
_a
Seizing the white space
100
1
_a
Johnson, Mark W.
773
0
_t
Book Summary
_g
- NÂș 14 (ene. 2011)
_w
REV4099
999
_c
19582
_d
19582